000 00317nam a22001337a 4500
008 181107b xxu||||| |||| 00| 0 eng d
020 _a9780202360720
041 _aeng
080 _a316
100 _a50
101 _aSOC
245 _aHuman Behavior Theory and Social Work Practice
_cGreene, R.R
942 _2udc
_cBK
999 _c52162
_d52162